Logo BPK

Bibliografia Prac Pracowników

Politechniki Koszalińskiej

Badanie eksploatacyjne przechowalni typu specjalistycznego i uniwersalnego / (Rekord nr 1951)

Szczegóły MARC
000 -ETYKIETA REKORDU
podpole kontrolne o stałej długości 01858nam a2200253 i 4500
001 - NUMER KONTROLNY REKORDU
podpole kontrolne BPP
003 - IDENTYFIKATOR NUMERU KONTROLNEGO REKORDU
podpole kontrolne BPK
005 - DATA OSTATNIEJ MODYFIKACJI REKORDU
podpole kontrolne 20171114124513.0
008 - POLE O STAŁEJ DŁUGOŚCI - DANE KONTROLNE
podpole kontrolne o stałej długości 140415s1985 pl f |000 0 pol
040 ## - ŹRÓDŁO KATALOGOWANIA
Instytucja, która utworzyła rekord BPK
080 ## - UNIWERSALNA KLASYFIKACJA DZIESIĘTNA - UKD
UKD 635.1/.7:631.563.9
100 ## - NAZWA OSOBOWA
Nazwa osobowa WIEROWSKI, Henryk.
Lata pracy 1968 - 1991.
Instytucja Wyższa Szkoła Inżynierska w Koszalinie - Instytut Budownictwa,
Wydział Zakład Budownictwa Ogólnego, Rolniczego i Przemysłowego
245 ## - TYTUŁ/ODPOWIEDZIALNOŚĆ
Tytuł Badanie eksploatacyjne przechowalni typu specjalistycznego i uniwersalnego /
Pozostałe elementy strefy tytułu i oznaczenia odpowiedzialności Jan Diaczuk, Henryk Dzierbanowicz, Maciej Kapsa, Krzysztof Majka, Jerzy Milanowski, Henryk Wierowski.
260 ## - STREFA ADRESU WYDAWNICZEGO
Miejsce wydania Koszalin,
Data publikacji, dystrybucji/powstania dokumentu 1985.
500 ## - UWAGI OGÓLNE
Tekst uwagi Dane z autopsji.
520 ## - UWAGA DOTYCZĄCA TREŚCI DOKUMENTU
Analiza dokumentacyjna, adnotacja itp. Badania dotyczyły prawidłowości działania instalacji wentylacyjnej i jej poszczególnych elementów oraz przepływów powietrza wewnątrz komory i określenie skuteczności działania poziomego systemu wentylacji.
650 #0 - HASŁO PRZEDMIOTOWE W FORMIE NAZWY OGÓLNEJ LUB JEDNOSTKOWEJ
Nazwa ogólna lub geograficzna Wentylacja.
700 ## - HASŁO DODATKOWE - NAZWA OSOBOWA
Nazwa osobowa MILANOWSKI, Jerzy.
Lata pracy 1974 - 1993.
Instytucja Wyższa Szkoła Inżynierska w Koszalinie - Instytut Konstrukcji i Eksploatacji Maszyn,
Wydział Zakład Maszyn Przemysłu Spożywczego
700 ## - HASŁO DODATKOWE - NAZWA OSOBOWA
Nazwa osobowa KAPSA, Maciej.
Lata pracy 1976 - 1991.
Instytucja Wyższa Szkoła Inżynierska w Koszalinie - Instytut Budownictwa,
Wydział Zakład Budownictwa Ogólnego, Rolniczego i Przemysłowego
700 ## - HASŁO DODATKOWE - NAZWA OSOBOWA
Nazwa osobowa MAJKA, Krzysztof.
Lata pracy 1973 - 1996.
Instytucja Wyższa Szkoła Inżynierska w Koszalinie - Instytut Konstrukcji i Eksploatacji Maszyn,
Wydział Zakład Termodynamiki i Chłodnictwa
700 ## - HASŁO DODATKOWE - NAZWA OSOBOWA
Nazwa osobowa DZIERBANOWICZ, Henryk.
Lata pracy 1976 - 1985.
Instytucja Wyższa Szkoła Inżynierska w Koszalinie - Instytut Konstrukcji i Eksploatacji Maszyn,
Wydział Zakład Termodynamiki i Chłodnictwa
700 ## - HASŁO DODATKOWE - NAZWA OSOBOWA
Nazwa osobowa DIACZUK, Jan.
Lata pracy 1976 - 1993.
Instytucja Wyższa Szkoła Inżynierska w Koszalinie - Instytut Konstrukcji i Eksploatacji Maszyn,
Wydział Zakład Maszyn Przemysłu Spożywczego
942 ## - HASŁO DODATKOWE - ELEMENTY(KOHA)
Typ dokumentu Materiały nieopublikowane
Schemat klasyfikacji Uniwersalna klasyfikacja dziesiętna
Egzemplarze
Wycofany Zagubiony Uszkodzony Dostępność Lokalizacja stała Lokalizacja bieżąca Sygnatura Typ dokumentu
      Dostępny Bibliografia Prac Pracowników - BPK Bibliografia Prac Pracowników - BPK NB-178/I Materiały nieopublikowane
© 2014 Biblioteka Politechniki Koszalińskiej :: BIBLIOGRAFIA PRAC PRACOWNIKÓW